| 000 | 00653nam a22002177a 4500 | ||
|---|---|---|---|
| 003 | OSt | ||
| 005 | 20170518095511.0 | ||
| 008 | 160118b xxu||||| |||| 00| 0 eng d | ||
| 040 |
_ammu _beng _cmmu |
||
| 050 | _aHF5681 .B2B46 2004 | ||
| 100 |
_9403 _aWild John J. |
||
| 245 |
_aFinancial statement analysis _cJohn J. Wild |
||
| 260 |
_aNew York: _bMcGraw Hill, _c2004 |
||
| 300 | _axix,673p.;ill | ||
| 500 | _aIncludes bibliography and index. | ||
| 500 | _aIncludes bibliography and index. | ||
| 650 | 0 |
_aFinancial statement _9404 |
|
| 700 |
_aRoboert F. Halsey _9406 |
||
| 942 |
_2lcc _cLOAN LOAN _e8th ed. |
||
| 980 | _a^d20150529 11:33:36^oanne | ||
| 999 |
_c15173 _d15173 |
||